PRINCIPLES OF MACROECONOMICS (Record no. 74023)

MARC details
000 -LEADER
fixed length control field 00602nam a2200205Ia 4500
003 - CONTROL NUMBER IDENTIFIER
control field OSt
005 - DATE AND TIME OF LATEST TRANSACTION
control field 20260223093722.0
020 ## - INTERNATIONAL STANDARD BOOK NUMBER
International Standard Book Number 978-1-256-32125-5
040 ## - CATALOGING SOURCE
Transcribing agency LC
050 ## - LIBRARY OF CONGRESS CALL NUMBER
Classification number HB 172.5 .C37 2012
100 ## - MAIN ENTRY--PERSONAL NAME
Personal name CASE, KARL E
245 #0 - TITLE STATEMENT
Title PRINCIPLES OF MACROECONOMICS
250 ## - EDITION STATEMENT
Edition statement A CUSTOM EDITION FOR TEXAS TECH UNIVERSITY
260 ## - PUBLICATION, DISTRIBUTION, ETC.
Place of publication, distribution, etc. UPPER SADDLE RIVER, NEW JERSEY,
Name of publisher, distributor, etc. PEARSON LEARNING SOLUTIONS,
Date of publication, distribution, etc. 2012,
300 ## - PHYSICAL DESCRIPTION
Extent XXXii, 439 P, ILL
500 ## - GENERAL NOTE
General note INCLUDES BIBLIOGRAPHICAL REFERENCES AND INDEX
650 ## - SUBJECT ADDED ENTRY--TOPICAL TERM
Topical term or geographic name entry element Macroeconomics
700 ## - ADDED ENTRY--PERSONAL NAME
Personal name FAIR RAY C, OSTER SHARON M
942 ## - ADDED ENTRY ELEMENTS (KOHA)
Koha item type Long Loan Book
Source of classification or shelving scheme Library of Congress Classification
Holdings
Withdrawn status Lost status Source of classification or shelving scheme Damaged status Not for loan Collection Home library Current library Shelving location Date acquired Inventory number Total checkouts Full call number Barcode Date last seen Date last checked out Copy number Price effective from Koha item type
    Library of Congress Classification     Business & Economics Kisii University Library Kisii University Library On Display 09/15/2023 088936 1 HB 172.5 .C37 2012 001468 02/22/2026 02/10/2026 1 09/15/2023 Long Loan Book